| 000 | 01709nam a22003257a 4500 | ||
|---|---|---|---|
| 005 | 20090724114613.0 | ||
| 008 | 090608t xxu||||| |||| 00| 0 hin d | ||
| 010 | _aHIN-87463 | ||
| 020 |
_a9788121613729 _c250.00 |
||
| 035 | _aHN-59809 | ||
| 037 | _bDBAD / PUB | ||
| 040 |
_adpl _bhn |
||
| 082 | _a181.499 | ||
| 100 | _aओशो | ||
| 245 |
_aतंत्र-सूत्र तांत्रिक शुद्धि का आधारः _bजीवन के ऊहापोह में शांत रहने की शक्तिशाली विधियां / _cओशो; आनंद मैत्रेय एवं आनंद सत्यार्थी द्वारा सत्यापित |
||
| 246 |
_aTantra-sutra taantrika shuddhi kaa aadhaara _bby Osho; Anand Maitreya and Anand Satyarthi |
||
| 260 |
_aनई दिल्ली _bहिन्द पॉकेट बुक्स _c2009 |
||
| 270 |
_aजे-40, जोरबाग लेन, _bनई दिल्ली _e110028 |
||
| 300 |
_a318पृ. _c22सेमी (अजिल्द) |
||
| 490 | _aविज्ञान भैरव तंत्र / भाग एक | ||
| 600 | _aओशो, 1931-1990. | ||
| 600 | _aOsho, 1931-1990. | ||
| 650 | _aतंत्र | ||
| 650 | _aTantra | ||
| 700 | _aरजनीश | ||
| 700 | _aआनंद मैत्रेय | ||
| 700 | _aसत्यार्थी, आनंद | ||
| 942 |
_2ddc _cHN _mओशोतं _h181.499 |
||
| 999 |
_c28618 _d28618 |
||